A radical rethinking of sexuality and schooling : status quo or status queer? /

Bibliographic Details
Main Author: Rofes, Eric E., 1954-2006
Format: Book
Language:English
Published: Lanham, Md. : Rowman & Littlefield Publishers, [2005]
Series:Curriculum, cultures, and (homo)sexualities.
Subjects:

MARC

Tag First Indicator Second Indicator Subfields
LEADER 00000cam a22000004a 4500
001 in00002054591
005 20151101180349.0
008 040922s2005 mdu b 001 0 eng
010 |a  2004022276 
020 |a 0742541940 (cloth : alk. paper) 
020 |a 0742541959 (pbk. : alk. paper) 
035 |a (OCoLC)ocm56591917 
040 |a DLC  |c DLC  |d UtOrBLW 
042 |a pcc 
043 |a n-us--- 
049 |a TXAM 
050 0 0 |a LC192.6  |b .R64 2005 
082 0 0 |a 371.826/64  |2 22 
100 1 |a Rofes, Eric E.,  |d 1954-2006. 
245 1 2 |a A radical rethinking of sexuality and schooling :  |b status quo or status queer? /  |c Eric Rofes. 
246 1 8 |a Radical rethinking of sexuality & schooling 
246 3 0 |a Status quo or status queer? 
264 1 |a Lanham, Md. :  |b Rowman & Littlefield Publishers,  |c [2005] 
264 4 |c ©2005 
300 |a x, 169 pages ;  |c 23 cm. 
336 |a text  |b txt  |2 rdacontent 
337 |a unmediated  |b n  |2 rdamedia 
338 |a volume  |b nc  |2 rdacarrier 
490 1 |a Curriculum, cultures, and (homo)sexualities 
504 |a Includes bibliographical references (pages 147-162) and index. 
505 0 |a Beyond the bruising sites of boyhood -- Candy from strangers : queer teachers and the (im)moral development of children -- Rethinking antigay harassment in schools -- Innocence, perversion, and Heather's two mommies -- Queers, educational schools, and sex panic -- Bound and gagged : sexual silences, gender conformity, and the gay male teacher -- Desires as defiance : transgression, risk taking, and resistance to safe-sex education -- Toward a radical rethinking of education, schooling, and sexuality. 
650 0 |a Homosexuality and education  |z United States. 
650 0 |a Gay students  |z United States. 
650 0 |a Gay teachers  |z United States. 
830 0 |a Curriculum, cultures, and (homo)sexualities. 
945 |i PromptCat 
947 |a A14831577540 
948 |a cataloged  |b h  |c 2005/6/14  |d c  |e dmitchel  |f 1:34:24 pm 
994 |a 92  |b TXA 
999 |a MARS 
999 f f |s b3d8d02e-9ca1-320c-b27a-36a0bebeb8a3  |i 08f935fb-cff2-399f-909c-da4d78e19bdf  |t 0 
952 f f |p normal  |a Texas A&M University  |b College Station  |c Sterling C. Evans Library  |d Evans: Library Stacks  |t 0  |e LC192.6 .R64 2005  |h Library of Congress classification  |i unmediated -- volume  |m A14831577540 
998 f f |a LC192.6 .R64 2005  |t 0  |l Evans: Library Stacks